Bologna FC Squad 2018-2019 - Statistics

General Stats
  • This quiz has been taken 17 times
  • The average score is 21 of 33
Answer Stats
# Position Nation Player % Correct
1 GK Brazil Angelo da Costa
93%
28 GK Poland Łukasz Skorupski
86%
7 FW Italy Riccardo Orsolini
86%
31 MF Switzerland Blerim Džemaili
79%
5 MF Chile Erick Pulgar
79%
9 FW Paraguay Federico Santander
79%
15 DF Senegal Ibrahima Mbaye
79%
35 DF Netherlands Mitchell Dijks
79%
10 FW Italy Nicola Sansone
79%
21 MF Italy Roberto Soriano
79%
8 MF Hungary Ádám Nagy
71%
23 DF Brazil Danilo
71%
18 DF Sweden Filip Helander
71%
- Coach Italy Filippo Inzaghi
71%
22 FW Italy Mattia Destro
71%
32 MF Sweden Mattias Svanberg
71%
6 DF Argentina Nehuén Paz
71%
24 FW Argentina Rodrigo Palacio
71%
4 DF France Sebastien De Maio
71%
16 MF Italy Andrea Poli
64%
3 DF Costa Rica Giancarlo González
64%
17 MF Ghana Godfred Donsah
64%
30 FW Nigeria Orji Okwonkwo
64%
- Coach Serbia Siniša Mihajlović
64%
11 FW Czech Republic Ladislav Krejčí
57%
4 DF Brazil Lyanco
57%
29 GK Italy Antonio Santurro
50%
33 DF Italy Arturo Calabresi
50%
14 DF Italy Federico Mattiello
43%
91 FW Italy Diego Falcinelli
36%
19 MF Colombia Juan Manuel Valencia
36%
20 FW Italy Simone Edera
21%
99 GK Brazil Caio Vinicius Pirana
7%
No matching quizzes found
Score Distribution
Percent of People with Each Score
Percentile by Number Answered
Your Score History
You have not taken this quiz